Statistics for Name the random island - Shape Quiz

Click here to take the quiz!

General Stats

  • This quiz has been taken 28 times
  • The average score is 11 of 15

Answer Stats

Answer% Correct
Great Britain
87%
Ireland
87%
Cyprus
83%
Iceland
83%
Madagascar
83%
Cuba
78%
Greenland
78%
Sri Lanka
78%
North Island
70%
South Island
70%
Taiwan
70%
Tasmania
65%
Honshu
61%
New Guinea
61%
Baffin
57%

Score Distribution

Percentile by Number Answered

Percent of People with Each Score

Your Score History

You have not taken this quiz